[Event "Orlova op 4th"]
[Site "Orlova"]
[Date "2007.05.21"]
[Round "3"]
[White "Hrtanek, Jiri"]
[Black "Olsar, Jaroslav"]
[Result "1-0"]
[WhiteElo "2156"]
[BlackElo "2307"]
[PlyCount "111"]
[EventDate "2007.05.19"]
[EventType "swiss"]
[EventRounds "9"]
[EventCountry "CZE"]
[SourceTitle "EXT 2012"]
[Source "ChessBase"]
[SourceDate "2011.11.24"]
[SourceVersion "1"]
[SourceVersionDate "2011.11.24"]
[SourceQuality "1"]

1. d4 d5 2. c4 c6 3. cxd5 cxd5 4. Nf3 Nf6 5. Bf4 Nc6 6. Nc3 Bf5 7. e3 a6 8. Be2 h6 9. 0-0 e6 10. Ne5 Nxe5 11. Bxe5 Bd6 12. Bxd6 Qxd6 13. Qa4+ Ke7 14. f3 Rhc8 15. Rac1 Bg6 16. Kh1 Kf8 17. Rfd1 Nd7 18. Qb3 Rc6 19. e4 Rac8 20. Bd3 Rb6 21. Qc2 dxe4 22. Bxe4 Bxe4 23. fxe4 Kg8 24. Qf2 Rbc6 25. Rf1 Qf8 26. Rcd1 Nf6 27. Rde1 Rd8 28. Rd1 Rc4 29. Rd3 Rd7 30. e5 Nd5 31. Ne4 Rc6 32. Rf3 Rdc7 33. Qg3 Rc1 34. Nf6+ Nxf6 35. exf6 g6 36. h4 Qc8 37. Qf4 Kh7 38. Qe4 h5 39. Kh2 Rxf1 40. Rxf1 Rc2 41. Rd1 Rf2 42. d5 exd5 43. Rxd5 Rxf6 44. Rxh5+ Kg7 45. Rg5 Qc7+ 46. Kh3 Rf4 47. Qd3 Qc8+ 48. Kg3 Qc7 49. Kh3 Kh6 50. Rd5 Qe7 51. g3 Qe6+ 52. Kg2 Re4 53. Kf2 Qf6+ 54. Kg1 Re1+ 55. Kg2 Qxb2+ 56. Qd2+ 1-0

[Event "Orlova op 4th"]
[Site "Orlova"]
[Date "2007.05.20"]
[Round "2"]
[White "Podlesny, Petr"]
[Black "Hrtanek, Jiri"]
[Result "0-1"]
[WhiteElo "1960"]
[BlackElo "2156"]
[PlyCount "80"]
[EventDate "2007.05.19"]
[EventType "swiss"]
[EventRounds "9"]
[EventCountry "CZE"]
[SourceTitle "EXT 2012"]
[Source "ChessBase"]
[SourceDate "2011.11.24"]
[SourceVersion "1"]
[SourceVersionDate "2011.11.24"]
[SourceQuality "1"]

1. e4 c5 2. Nc3 Nc6 3. g3 g6 4. Bg2 Bg7 5. Nge2 d6 6. f4 e6 7. 0-0 Nge7 8. d3 0-0 9. Be3 Nd4 10. Qd2 Rb8 11. Nd1 b5 12. c3 Nxe2+ 13. Qxe2 b4 14. d4 cxd4 15. cxd4 Qa5 16. Qd2 Ba6 17. Re1 Rfc8 18. Nf2 Qa4 19. b3 Qd7 20. Rac1 f5 21. Rxc8+ Qxc8 22. Rc1 Qd7 23. h4 fxe4 24. Nxe4 Nd5 25. Bf2 Bb7 26. Ng5 h6 27. Ne4 a5 28. h5 gxh5 29. Qe2 h4 30. Qg4 hxg3 31. Bxg3 Kh8 32. Qh5 Bxd4+ 33. Kh2 Bg7 34. f5 exf5 35. Nc5 dxc5 36. Bxb8 Ne3 37. Bf4 Ng4+ 38. Kh1 Bxg2+ 39. Kxg2 Qd5+ 40. Kh3 Qf3+ 0-1

[Event "Orlova op 4th"]
[Site "Orlova"]
[Date "2007.05.19"]
[Round "1"]
[White "Hrtanek, Jiri"]
[Black "Eichler, Gustav"]
[Result "1-0"]
[WhiteElo "2156"]
[BlackElo "1686"]
[PlyCount "51"]
[EventDate "2007.05.19"]
[EventType "swiss"]
[EventRounds "9"]
[EventCountry "CZE"]
[SourceTitle "EXT 2012"]
[Source "ChessBase"]
[SourceDate "2011.11.24"]
[SourceVersion "1"]
[SourceVersionDate "2011.11.24"]
[SourceQuality "1"]

1. d4 Nf6 2. Nf3 g6 3. c3 d5 4. Bf4 Nbd7 5. e3 Bg7 6. Nbd2 0-0 7. Bd3 c5 8. 0-0 Re8 9. Rc1 Nh5 10. Bg5 Nhf6 11. Re1 e5 12. dxe5 Nxe5 13. Nxe5 Rxe5 14. Bf4 Re6 15. h3 b6 16. e4 Bb7 17. f3 Qe7 18. exd5 Rxe1+ 19. Qxe1 Qxe1+ 20. Rxe1 Bxd5 21. Bb1 Be6 22. Ne4 Nd5 23. Bg3 h6 24. Nd6 Nc7 25. Nxf7 Bxf7 26. Bxc7 1-0

[Event "CZE-chT2f 0607"]
[Site "Czech Republic"]
[Date "2007.03.25"]
[Round "10.6"]
[White "Kolar, Stanislav"]
[Black "Hrtanek, Jiri"]
[Result "0-1"]
[WhiteElo "2127"]
[BlackElo "2151"]
[PlyCount "60"]
[EventDate "2006.10.14"]
[EventType "team"]
[EventRounds "11"]
[EventCountry "CZE"]
[SourceTitle "EXT 2009"]
[Source "ChessBase"]
[SourceDate "2008.11.26"]
[SourceVersion "1"]
[SourceVersionDate "2008.11.26"]
[SourceQuality "1"]

1. e4 a6 2. d4 b5 3. Be3 Bb7 4. Nd2 e6 5. Ngf3 Nf6 6. Bd3 d5 7. e5 Nfd7 8. 0-0 c5 9. c3 Nc6 10. Ng5 g6 11. f4 cxd4 12. cxd4 Qe7 13. Rc1 Bg7 14. Nb3 0-0 15. g4 f6 16. Nf3 Rac8 17. a3 Rc7 18. Nc5 Nxc5 19. Rxc5 Nxd4 20. Rxc7 Nxf3+ 21. Rxf3 Qxc7 22. exf6 Bxf6 23. Rf2 d4 24. Rc2 Qd8 25. Bf2 Qd5 26. Kf1 Qh1+ 27. Bg1 Bg5 28. Rf2 Rxf4 29. Rxf4 Bxf4 30. Qe2 Be3 0-1

[Event "CZE-chT2f 0607"]
[Site "Czech Republic"]
[Date "2007.01.14"]
[Round "6.8"]
[White "Mikulec, Jiri"]
[Black "Hrtanek, Jiri"]
[Result "0-1"]
[WhiteElo "1985"]
[BlackElo "2151"]
[PlyCount "94"]
[EventDate "2006.10.14"]
[EventType "team"]
[EventRounds "11"]
[EventCountry "CZE"]
[SourceTitle "EXT 2009"]
[Source "ChessBase"]
[SourceDate "2008.11.26"]
[SourceVersion "1"]
[SourceVersionDate "2008.11.26"]
[SourceQuality "1"]

1. e4 c5 2. Nf3 Nc6 3. d4 cxd4 4. Nxd4 e5 5. Nb5 d6 6. N1c3 a6 7. Na3 b5 8. Nd5 Be7 9. c4 b4 10. Nc2 Rb8 11. b3 Nf6 12. Bd3 0-0 13. 0-0 a5 14. Nce3 Be6 15. Nxe7+ Nxe7 16. Qf3 Qd7 17. h3 Ng6 18. Nd5 Ne8 19. g4 Nc7 20. Qg3 Na6 21. f4 exf4 22. Nxf4 Nc5 23. Bc2 Ne5 24. Bb2 a4 25. Rad1 Qa7 26. Bd4 axb3 27. axb3 Qc7 28. Nd5 Bxd5 29. exd5 f6 30. Qh4 g6 31. Kg2 Ncd7 32. Rf2 Rf7 33. Rdf1 Rbf8 34. Be3 Ra8 35. Qg3 Ra3 36. Bc1 Ra8 37. h4 Raf8 38. Bh6 Re8 39. h5 Rfe7 40. Bf4 Rg7 41. hxg6 hxg6 42. Rh1 Ree7 43. Rh6 Rh7 44. Rxg6+ Nxg6 45. Bxd6 Nh4+ 46. Kf1 Qa7 47. Bxh7+ Rxh7 0-1

[Event "CZE-chT2f 0607"]
[Site "Czech Republic"]
[Date "2006.11.19"]
[Round "3.7"]
[White "Karhanek, Pavel"]
[Black "Hrtanek, Jiri"]
[Result "1/2-1/2"]
[WhiteElo "2241"]
[BlackElo "2151"]
[PlyCount "114"]
[EventDate "2006.10.14"]
[EventType "team"]
[EventRounds "11"]
[EventCountry "CZE"]
[SourceTitle "EXT 2009"]
[Source "ChessBase"]
[SourceDate "2008.11.26"]
[SourceVersion "1"]
[SourceVersionDate "2008.11.26"]
[SourceQuality "1"]

1. d4 d5 2. c3 Nf6 3. Bg5 Ne4 4. Bh4 c6 5. Nd2 Bf5 6. Nxe4 Bxe4 7. Nf3 Nd7 8. e3 Qb6 9. Qd2 e6 10. Be2 Bd6 11. 0-0 0-0 12. a3 c5 13. b4 cxb4 14. cxb4 f6 15. Rfc1 Rfc8 16. Qd1 Rxc1 17. Rxc1 Qd8 18. Nd2 Bg6 19. Nb3 Rc8 20. Bg3 Bxg3 21. hxg3 Rc7 22. Bb5 Nf8 23. Na5 Qc8 24. Rc5 a6 25. Bd3 Bxd3 26. Qxd3 Nd7 27. Rxc7 Qxc7 28. Kh2 g6 29. Qd1 b6 30. Nb3 Qc3 31. g4 h6 32. Qb1 Kf7 33. Qa2 f5 34. gxf5 gxf5 35. Nd2 Nf6 36. Nf3 Ng4+ 37. Kg3 Kf6 38. Nh2 Qc7+ 39. f4 Nxe3 40. Qd2 Nc4 41. Qc1 Qg7+ 42. Kf2 Nd6 43. Nf3 Ne4+ 44. Kg1 Qb7 45. Qe1 Qc7 46. Qh4+ Kg7 47. Ne5 Kh7 48. Kh2 Qg7 49. Qe1 b5 50. Qh4 Nf6 51. Kg1 Ng4 52. Nf3 Qc7 53. Ne1 Qxf4 54. Qe7+ Kg6 55. Qxe6+ Kh5 56. Qe8+ Kg5 57. Nf3+ Kf6 1/2-1/2

[Event "Orlova op1"]
[Site "Orlova"]
[Date "2006.05.??"]
[Round "?"]
[White "Hrtanek, Jiri"]
[Black "Cvek, Robert"]
[Result "0-1"]
[WhiteElo "2196"]
[BlackElo "2498"]
[PlyCount "106"]
[EventDate "2006.05.??"]
[EventType "swiss"]
[EventRounds "9"]
[EventCountry "CZE"]
[SourceTitle "EXT 2008"]
[Source "ChessBase"]
[SourceDate "2007.11.25"]
[SourceVersion "1"]
[SourceVersionDate "2007.11.25"]
[SourceQuality "1"]

1. d4 Nf6 2. c4 e6 3. g3 c5 4. d5 exd5 5. cxd5 d6 6. Bg2 g6 7. Nc3 Bg7 8. Nf3 0-0 9. 0-0 Re8 10. Nd2 a6 11. a4 Nbd7 12. Ra2 Rb8 13. Nc4 Nb6 14. Nxb6 Qxb6 15. a5 Qd8 16. h3 Bf5 17. Kh2 Ne4 18. Nxe4 Bxe4 19. f3 Bf5 20. e4 Bd7 21. Bd2 f5 22. Bc3 Bb5 23. Re1 fxe4 24. fxe4 Be5 25. Bxe5 Rxe5 26. Qd2 Qe7 27. Ra3 Re8 28. Rc3 Qg7 29. Rce3 Qh6 30. Qc3 Qg7 31. Qd2 h5 32. b3 R5e7 33. Qc2 Qe5 34. Qc3 Qd4 35. Qc2 Kg7 36. h4 Re5 37. Qc1 Rf8 38. Rd1 Qb4 39. Qd2 Qxd2 40. Rxd2 g5 41. hxg5 Kg6 42. Kg1 Kxg5 43. Rf2 Rf6 44. Rxf6 Kxf6 45. Rf3+ Ke7 46. Rf4 Bd3 47. g4 Bc2 48. gxh5 Rxh5 49. Rf3 Rg5 50. Kf1 Rxg2 51. Kxg2 Bxe4 52. Kf2 Bxf3 53. Kxf3 Kd7 0-1

[Event "Pobeskydy Radegast 17th"]
[Site "Frydek Mistek"]
[Date "2006.04.17"]
[Round "9"]
[White "Zabystrzan, Pavel"]
[Black "Hrtanek, Jiri"]
[Result "1-0"]
[WhiteElo "2259"]
[BlackElo "2181"]
[PlyCount "89"]
[EventDate "2006.04.13"]
[EventType "swiss"]
[EventRounds "9"]
[EventCountry "CZE"]
[SourceTitle "CBM 111 Extra"]
[Source "ChessBase"]
[SourceDate "2006.05.09"]
[SourceVersion "1"]
[SourceVersionDate "2006.05.09"]
[SourceQuality "1"]

1. Nf3 d5 2. c4 dxc4 3. e3 Nf6 4. Bxc4 e6 5. d4 c5 6. 0-0 cxd4 7. exd4 Nc6 8. Nc3 Be7 9. Be3 0-0 10. Qe2 a6 11. a3 b5 12. Ba2 Bb7 13. Rfd1 Qc7 14. Rac1 Rfd8 15. Bg5 Rac8 16. d5 Nxd5 17. Nxd5 exd5 18. Rxc6 Bxc6 19. Qxe7 Qxe7 20. Bxe7 Re8 21. Bb4 Rcd8 22. Nd4 Bb7 23. f3 Re5 24. Kf2 h6 25. Rc1 Rd7 26. Bb1 g6 27. Bd2 Kh7 28. Bf4 Ree7 29. Nb3 Rd8 30. Nc5 Bc8 31. Bd3 Bf5 32. Bxf5 gxf5 33. Nxa6 Rde8 34. Rc2 d4 35. Nb4 Rd7 36. Nd3 Rd5 37. Rc6 Re6 38. Rxe6 fxe6 39. Be5 Rd7 40. Ke2 Kg6 41. Kd2 Kf7 42. f4 Rd5 43. Nb4 Rd7 44. Nc6 d3 45. Nb4 1-0

[Event "Pobeskydy Radegast 17th"]
[Site "Frydek Mistek"]
[Date "2006.04.15"]
[Round "6"]
[White "Hrtanek, Jiri"]
[Black "Kuchynka, Lukas"]
[Result "1/2-1/2"]
[WhiteElo "2181"]
[BlackElo "2069"]
[PlyCount "106"]
[EventDate "2006.04.13"]
[EventType "swiss"]
[EventRounds "9"]
[EventCountry "CZE"]
[SourceTitle "CBM 111 Extra"]
[Source "ChessBase"]
[SourceDate "2006.05.09"]
[SourceVersion "1"]
[SourceVersionDate "2006.05.09"]
[SourceQuality "1"]

1. d4 Nf6 2. Nf3 g6 3. Bg5 Bg7 4. Nbd2 c5 5. e3 cxd4 6. exd4 0-0 7. Be2 d5 8. c3 Nc6 9. 0-0 Bf5 10. Re1 Re8 11. Bb5 Ne4 12. Nxe4 Bxe4 13. Nd2 h6 14. Nxe4 dxe4 15. Bd2 f5 16. Qe2 Kh7 17. Rad1 e6 18. Kh1 a6 19. Bxc6 bxc6 20. f3 exf3 21. Qxf3 Qd5 22. Qxd5 exd5 23. Rxe8 Rxe8 24. Re1 Rxe1+ 25. Bxe1 g5 26. Kg1 Kg6 27. Kf2 f4 28. Ke2 Kf5 29. Kd3 Bf6 30. b4 Bd8 31. a4 h5 32. c4 dxc4+ 33. Kxc4 Ke6 34. Kc5 Kd7 35. d5 cxd5 36. Kxd5 Bc7 37. h3 Bd6 38. b5 axb5 39. axb5 Bc7 40. Bf2 Bb8 41. Bd4 g4 42. hxg4 hxg4 43. Bf2 Bc7 44. b6 Bd6 45. Ke4 Ke6 46. Be1 Bb8 47. Bf2 Bd6 48. Be1 Bb8 49. Bb4 f3 50. gxf3 gxf3 51. Bc5 Kd7 52. Kxf3 Kc6 53. Be3 Bc7 1/2-1/2